[Event "BRA-chT U26"]
[Site "Foz do Iguacu"]
[Date "2012.10.19"]
[Round "3"]
[White "Correa, Max do Carmo"]
[Black "Langner, Donizete Ribeiro"]
[Result "0-1"]
[WhiteElo "1962"]
[BlackElo "2019"]
[PlyCount "82"]
[EventDate "2012.10.18"]
[EventType "team-swiss"]
[EventRounds "7"]
[EventCountry "BRA"]
[SourceTitle "EXT 2013"]
[Source "ChessBase"]
[SourceDate "2012.11.22"]
[SourceVersion "1"]
[SourceVersionDate "2012.11.22"]
[SourceQuality "1"]

1. e4 c5 2. Nf3 Nc6 3. d4 cxd4 4. Nxd4 Qb6 5. c3 Nf6 6. Nxc6 dxc6 7. Nd2 e5 8. Nc4 Qc7 9. Bd3 Be6 10. Qe2 b5 11. Ne3 Bc5 12. 0-0 0-0 13. a4 a6 14. b4 Ba7 15. Bb2 Rfd8 16. Rfc1 Rd7 17. axb5 axb5 18. Rd1 Rad8 19. Bc2 Bb6 20. h3 g6 21. Bc1 Nh5 22. Rxd7 Rxd7 23. Ng4 Bxg4 24. Qxg4 Nf4 25. Ra8+ Kg7 26. g3 h5 27. Qf3 Nxh3+ 28. Kg2 Nxf2 29. Bg5 Ng4 30. Bd1 Qd6 31. Be2 f6 32. Bc1 Rf7 33. Ra6 Rb7 34. Kh1 Qd7 35. Qf1 Nf2+ 36. Kh2 Nxe4 37. Ra8 Ra7 38. Rb8 Bc7 39. Bf3 Ra2+ 40. Kg1 Nd2 41. Bxc6 Qxc6 0-1